|
LDR
| 02774nam a22008297a 4500 |
|---|
| 001 | 1686 |
|---|
| 003 | CZ-PrJAB |
|---|
| 005 | 20160114104122.0 |
|---|
| 007 | ta |
|---|
| 008 | 100901s1970 xr fr 000 0 cze d |
|---|
| 015 | | . |
‡acnb000129451 |
|---|
| 020 | | . |
‡q(Brož.) |
|---|
| 035 | | . |
‡a(CZ PrSKC)000175448 |
|---|
| 035 | | . |
‡a(OCoLC)2143907 |
|---|
| 035 | | . |
‡a(OCoLC)42143907 |
|---|
| 040 | | . |
‡aABA006
‡bcze
‡cABA006
‡dABA006 |
|---|
| 041 | 1 | . |
‡acze
‡hger |
|---|
| 072 | | 7. |
‡a2-1
‡xPřirozená teologie. Náboženská filozofie
‡2Konspekt
‡95 |
|---|
| 080 | | . |
‡a2-184
‡2MRF |
|---|
| 080 | | . |
‡a2-184.3
‡2MRF |
|---|
| 080 | | . |
‡a2-1
‡2MRF |
|---|
| 080 | | . |
‡a165.745
‡2MRF |
|---|
| 080 | | . |
‡a316.64
‡2MRF |
|---|
| 080 | | . |
‡a2-583
‡2MRF |
|---|
| 080 | | . |
‡a(0:82-4)
‡2MRF |
|---|
| 100 | 1 | . |
‡aPicard, Max,
‡d1888-1965
‡7skuk0001097
‡4aut |
|---|
| 245 | 1 | 0. |
‡aČlověk na útěku /
‡cMax Picard ; [přeložil Ladislav Jehlička] |
|---|
| 250 | | . |
‡a1. vyd. ve Vyšehradu |
|---|
| 260 | | . |
‡aPraha :
‡bVyšehrad,
‡c1970 |
|---|
| 300 | | . |
‡a105 s. ;
‡c19 cm |
|---|
| 490 | 1 | . |
‡aKrystal ;
‡vsv. 1 |
|---|
| 600 | 1 | 7. |
‡aPicard, Max,
‡d1888-1965
‡7skuk0001097
‡2czenas |
|---|
| 650 | 0 | 7. |
‡aBůh a člověk
‡7ph116953
‡2czenas |
|---|
| 650 | 0 | 7. |
‡anáboženská víra
‡7ph115476
‡2czenas |
|---|
| 650 | 0 | 7. |
‡afilozofie náboženství
‡7ph114544
‡2czenas |
|---|
| 650 | 0 | 7. |
‡afilozofie života
‡7ph120231
‡2czenas |
|---|
| 650 | 0 | 7. |
‡aživotní postoje
‡7ph128028
‡2czenas |
|---|
| 650 | 0 | 7. |
‡ameditace
‡7ph115255
‡2czenas |
|---|
| 650 | 0 | 9. |
‡arelations between God and man
‡2eczenas |
|---|
| 650 | 0 | 9. |
‡areligious faith
‡2eczenas |
|---|
| 650 | 0 | 9. |
‡aphilosophy of religion
‡2eczenas |
|---|
| 650 | 0 | 9. |
‡aphilosophy of life
‡2eczenas |
|---|
| 650 | 0 | 9. |
‡alife attitudes
‡2eczenas |
|---|
| 650 | 0 | 9. |
‡ameditation
‡2eczenas |
|---|
| 655 | | 7. |
‡aúvahy
‡7fd134000
‡2czenas |
|---|
| 655 | | 9. |
‡aessays
‡2eczenas |
|---|
| 700 | 1 | . |
‡aJehlička, Ladislav,
‡d1916-1996
‡7jn20000401222
‡4trl
‡4aft |
|---|
| 765 | 0 | . |
‡tFlucht vor Gott
‡9Česky |
|---|
| 830 | | 0. |
‡aKrystal |
|---|
| 910 | | . |
‡aABG312 |
|---|
| 901 | | . |
‡a1686
‡bUnknown
‡c1686
‡tbiblio |
|---|